000 00630nam a2200229Ia 4500
003 OSt
005 20220926004630.0
006 a|||||r|||| 00| 0
007 ta
008 220923b |||||||| |||| 00| 0 eng d
020 _a9788129112026
037 _cGeneral Book
040 _aRTL
_cRTL
_beng
041 _2eng
_aeng
082 _aNB,5.281.P, P7
245 0 _aMaster plan for Delhi
_b With the Perspective for the year 2021
260 _a New Delhi
_bRupa & Co.
_c2007
300 _axviii, 356p
_ccm.
650 _aGeography
942 _hNB,5.281.P, P7
_cGB
_2CC
999 _c611845
_d611845